MyGZULibrary

Illustrated dictionary and resource directory of environmental & occupational health / (Record no. 11770)

MARC details
000 -LEADER
fixed length control field 01499cam a22003974a 4500
001 - CONTROL NUMBER
control field 13402044
003 - CONTROL NUMBER IDENTIFIER
control field GZU
005 - DATE AND TIME OF LATEST TRANSACTION
control field 20260424085601.0
008 - FIXED-LENGTH DATA ELEMENTS--GENERAL INFORMATION
fixed length control field 031113s2005 flua d 000 0 eng
010 ## - LIBRARY OF CONGRESS CONTROL NUMBER
LC control number 2003065998
020 ## - INTERNATIONAL STANDARD BOOK NUMBER
International Standard Book Number 1566705908
Qualifying information alk. paper
020 ## - INTERNATIONAL STANDARD BOOK NUMBER
International Standard Book Number 9781566705905
Qualifying information (alk. paper)
022 ## - INTERNATIONAL STANDARD SERIAL NUMBER
International Standard Serial Number .
035 ## - SYSTEM CONTROL NUMBER
System control number 13402044
040 ## - CATALOGING SOURCE
Original cataloging agency DLC
Transcribing agency DLC
Modifying agency GZULib
Language of cataloging eng
Description conventions rda
042 ## - AUTHENTICATION CODE
Authentication code pcc
050 00 - LIBRARY OF CONGRESS CALL NUMBER
Classification number RA566
Item number .KOR 2005
100 1# - MAIN ENTRY--PERSONAL NAME
Personal name Koren, Herman.
Relator term author
245 10 - TITLE STATEMENT
Title Illustrated dictionary and resource directory of environmental & occupational health /
Statement of responsibility, etc. Herman Koren.
246 30 - VARYING FORM OF TITLE
Title proper/short title Environmental & occupational health
250 ## - EDITION STATEMENT
Edition statement Second edition
260 ## - PUBLICATION, DISTRIBUTION, ETC.
Place of publication, distribution, etc. Boca Raton :
Name of publisher, distributor, etc. CRC Press,
Date of publication, distribution, etc. c2005.
300 ## - PHYSICAL DESCRIPTION
Extent 701 pages :
Other physical details illustrations ;
Dimensions 28 cm.
336 ## - CONTENT TYPE
Content type term text
Content type code txt
Source rdacontent
337 ## - MEDIA TYPE
Media type term unmediated
Media type code n
Source rdamedia
338 ## - CARRIER TYPE
Carrier type term volume
Carrier type code nc
Source rdacarrier
500 ## - GENERAL NOTE
General note Previous ed. published under the title: Illustrated dictionary of environmental health & occupational safety.
505 ## - FORMATTED CONTENTS NOTE
Formatted contents note .
520 ## - SUMMARY, ETC.
Summary, etc. .
650 #0 - SUBJECT ADDED ENTRY--TOPICAL TERM
Topical term or geographic name entry element Environmental health
Form subdivision Dictionaries.
650 #0 - SUBJECT ADDED ENTRY--TOPICAL TERM
Topical term or geographic name entry element Industrial safety
Form subdivision Dictionaries.
655 #7 - INDEX TERM--GENRE/FORM
Genre/form data or focus term Dictionaries.
Source of term lcgft
Authority record control number or standard number https://id.loc.gov/authorities/genreForms/gf2014026086
700 1# - ADDED ENTRY--PERSONAL NAME
Personal name Koren, Herman.
Title of a work Illustrated dictionary of environmental health & occupational safety.
856 42 - ELECTRONIC LOCATION AND ACCESS
Materials specified Publisher description
Uniform Resource Identifier <a href="http://www.loc.gov/catdir/enhancements/fy0646/2003065998-d.html">http://www.loc.gov/catdir/enhancements/fy0646/2003065998-d.html</a>
942 ## - ADDED ENTRY ELEMENTS (KOHA)
Source of classification or shelving scheme Library of Congress Classification
Koha item type Books
Edition Second edition
Classification part 566
Item part KOR
Call number prefix RA
Holdings
Withdrawn status Lost status Source of classification or shelving scheme Damaged status Not for loan Collection code Home library Current library Shelving location Date acquired Source of acquisition Total Checkouts Full call number Barcode Date last seen Copy number Price effective from Koha item type
    Library of Congress Classification     Non-fiction Medical Library Medical Library General Stacks 04/24/2026 Donation from UKZN   RA566 KOR 2005 034546 04/24/2026 c. 1 04/24/2026 Books